未与中国建交的国家 - Statistics

General Stats
  • This quiz has been taken 175 times
  • The average score is 5 of 13
Answer Stats
序号 国家 % Correct
3 梵蒂冈
69%
1 不丹
59%
10 巴拉圭
56%
8 危地马拉
49%
12 帕劳
47%
2 斯威士兰
42%
13 图瓦卢
36%
4 伯利兹
34%
11 马绍尔群岛
33%
9 海地
27%
7 圣文森特和格林纳丁斯
26%
5 圣基茨和尼维斯
23%
6 圣卢西亚
21%
No matching quizzes found
Score Distribution
Percent of People with Each Score
Percentile by Number Answered
Your Score History
You have not taken this quiz